名前に方角の漢字が含まれる現役選手(2026) - Statistics

General Stats
  • This quiz has been taken 33 times
  • The average score is 22 of 39
Answer Stats
方角 現所属 ポジション Answer % Correct
DeNA 投手 東克樹
100%
オリックス 投手 東晃平
100%
西 阪神 投手 西勇輝
93%
西 阪神 外野手 西純矢
93%
西 巨人 投手 西川歩
86%
西 広島 内野手 西川篤夢
86%
西 日本ハム 外野手 西川遥輝
86%
西 オリックス 外野手 西川龍馬
86%
西 西武 外野手 西川愛也
86%
西 ロッテ 外野手 西川史礁
86%
巨人 内野手 北村流音
82%
ヤクルト 内野手 北村恵吾
82%
日本ハム 投手 北山亘基
79%
西 ヤクルト 外野手 西村瑠伊斗
75%
西 オリックス 内野手 西野真弘
75%
西 ロッテ 投手 西野勇士
75%
DeNA 捕手 東妻純平
64%
ロッテ 投手 東妻勇輔
64%
ソフトバンク 外野手 周東佑京
57%
西 ヤクルト 投手 大西広樹
54%
ソフトバンク 投手 東浜巨
46%
オリックス 投手 東松快征
43%
西 楽天 投手 西口直人
43%
巨人 投手 北浦竜次
43%
西 中日 投手 中西聖輝
39%
西 オリックス 内野手 中西創大
39%
西 巨人 投手 西舘勇陽
36%
西 ヤクルト 投手 西舘昂汰
36%
西 日本ハム 投手 宮西尚生
36%
西 楽天 投手 西垣雅矢
36%
巨人 投手 板東湧梧
32%
西 DeNA 内野手 西巻賢二
29%
西 ヤクルト 投手 西濱勇星
29%
西 オリックス 投手 寺西成騎
29%
オリックス 投手 東山玲士
25%
西 ソフトバンク 内野手 西尾歩真
25%
日本ハム 内野手 半田南十
25%
西 日本ハム 投手 安西叶翔
21%
ソフトバンク 投手 北斗
18%
No matching quizzes found
Score Distribution
Percent of People with Each Score
Percentile by Number Answered
Your Score History
You have not taken this quiz